00637nam a2200241 a 4500001001300000003000900013005001700022008004100039020001000080082001400090100002100104245002200125260003300147300000800180500003500188505001300223650001300236700002100249902000800270942000700278952009500285999001500380nice12345678IN_TiNIC20260116012707.0050524s1935 beia grp 000 0 eng  ac10000a200bLEV1 aLevonian, Lootfy aWhat Is Religion? aBeirutbAmerican Pressc1935 a14p aincludes index and biblioraphy2 aAppendix aReligion1 aLevonian, Lootfy bSRS cBK 00104070aHMIbHMId2007-07-31g100.00l0o200 LEV1p11961r2007-07-31w2026-01-16yARB c7979d7979